000 00730cam a2200229 a 4500
008
020 _a0072992875 (pbk.)
049 _aMAIN
090 _aQH310
_bDOL
100 1 _aDolphin, Warren D.
245 1 0 _aBiological investigations :
_bform, function, diversity, and process /
_cWarren D. Dolphin.
250 _a8th ed.
260 _aBoston :
_bMcGraw Hill Higher Education,
_cc2008.
300 _axiii, 458 p. :
_bill. (some col.) ;
_c28 cm.
504 _aIncludes bibliographical references.
650 0 _aBiology
_vHandbooks, manuals, etc.
907 _a.b10308246
_b26-06-12
_c17-02-12
003
005 20230123125419.0
040 _cNUST
942 _cBOOKS
_kQH310
_mDOL
999 _c141077
_d141077